Studio Ghibli Movie by the Picture - Statistics

General Stats
  • This quiz has been taken 23 times
  • The average score is 11 of 25
Answer Stats
Picture Answer % Correct
spirited away
100%
howls moving castle
95%
kikis delivery service
86%
princess mononoke
86%
my neighbor totoro
82%
ponyo
82%
the boy and the heron
73%
grave of the fireflies
68%
castle in the sky
64%
arrietty
59%
the wind rises
59%
when marnie was there
41%
from up on poppy hill
36%
whisper of the heart
36%
only yesterday
27%
nausicaa of the valley of the wind
23%
ocean waves
23%
tales from earthsea
23%
pom poko
18%
the red turtle
18%
the tale of the princess kaguya
14%
children who chase lost voices
5%
the boy and the beast
5%
the castle of cagliostro
5%
crimson pig
0%
No matching quizzes found
Score Distribution
Percent of People with Each Score
Percentile by Number Answered
Your Score History
You have not taken this quiz